01319cam a22003131a 4500001001300000003000400013005001700017008004100034010001700075035002000092040005500112042001200167043001200179050002600191051001600217051001700233100004000250245007100290260003300361300002900394490007300423500009800496501019300594504005100787650004800838650003700886830006500923999001700988e 18000827 DLC20260227111209.0840515s1918 dcua b f001 0 eng c ae 18000827  a(OCoLC)10736185 aU.S. Off. of Educ. LibrarycABAUdABAUdOCoLCdDLC apremarc an-us---00aL111b.A6 1918, no. 6 aLC1756b.R7 aLC1756b.R721 aRobinson, Mabel Louise,d1874-1962.14aThe curriculum of the woman's college /cby Mabel Louise Robinson. aWashington :bG.P.O.,c1918. a140 p. :bill. ;c23 cm.1 aBulletin / Dept. of the Interior, Bureau of Education ;v1918, no. 6 aThe author's doctoral dissertation, Columbia University, 1916, but not published as a thesis. aCopies 1 and 2 of L111.A6 with: Guide to United States government publications / Walter Irving Swanton. Washington : Govt. Print. Off., 1918. Bound together subsequent to publication.5DLC aIncludes bibliographical references and index. 0aWomen's collegesxCurriculazUnited States. 0aWomenxEducationzUnited States. 0aBulletin (United States. Bureau of Education) ;v1918, no. 6 c20217d20217